000 00858nam a2200241Ia 4500
003 GCL
005 20240530110944.0
008 140319s2021 ua f 000 0 ara d
017 _a2020/22985
020 _a9789778125795
040 _aGCL /
_cGCL
082 0 4 _a305.90691
_bق/ر ب
100 0 _aرانيه محمد فوزى محمد ابوالنور
245 1 0 _aبدو سيناء فى مصر 1952 - 1981 :
_bدراسة سياسية واجتماعية /
_cرانيه محمد فوزى محمد ابوالنور
250 _aط. 1
260 _aالقاهرة :
_bالمكتب العربى للمعارف ،
_c2021
300 _a447 ص. ؛
_c24 سم
650 0 4 _aالقبائل العربية
650 0 4 _aالبدو
650 0 4 _aالمجتمع البدوى
650 0 4 _aالمجتمعات البدوية - سيناء
942 _2ddc
_cBK
999 _c66867
_d66867